[Event "KS traeningsturnering 1977"]
[Site "Copenhagen"]
[Date "1977.08.24"]
[Round "1"]
[White "Nielsen, Jorgen"]
[Black "Moe, Mogens"]
[Result "1-0"]
[WhiteElo "2139"]
[BlackElo "2248"]
[PlyCount "63"]
[EventDate "1977.08.??"]
[EventType "tourn"]
[EventRounds "7"]
[EventCountry "DEN"]
[SourceTitle "Mogens Moe"]

1. e4 c5 2. Nf3 Nc6 3. Bb5 g6 4. O-O Bg7 5. c3 Nf6 6. Re1 O-O 7. d4 Qb6 8. Bf1
cxd4 9. cxd4 d5 10. e5 Ne4 11. Nc3 Nxc3 12. bxc3 Na5 13. Bf4 Bf5 14. Nd2 Rac8
15. g4 Be6 16. Re3 Rc6 17. Rb1 Qc7 18. Qf3 Rc8 19. Nb3 Rb6 20. Qg3 h6 21. Rf3
Nc4 22. Re1 a5 23. Nc5 Rb2 24. Nxe6 fxe6 25. Bd3 Rf8 26. Bxg6 Rxa2 27. g5 h5
28. Qh3 Rf5 29. Bxf5 exf5 30. e6 Qd8 31. Qxh5 Qf8 32. Rh3 1-0

[Event "KS traeningsturnering 1977"]
[Site "Copenhagen"]
[Date "1977.08.24"]
[Round "1"]
[White "Nilsson, Nils Specht"]
[Black "Hansen, Jacob Ost"]
[Result "1/2-1/2"]
[WhiteElo "2220"]
[BlackElo "2374"]
[PlyCount "76"]
[EventDate "1977.08.??"]
[EventType "tourn"]
[EventRounds "7"]
[EventCountry "DEN"]
[SourceTitle "KS partibulletin 1977"]

1. e4 c6 2. d4 d5 3. Nd2 dxe4 4. Nxe4 Nd7 5. Nf3 Ngf6 6. Nxf6+ Nxf6 7. Bc4 Bf5
8. O-O e6 9. Re1 Bg4 10. c3 Be7 11. h3 Bh5 12. Bf4 O-O 13. g4 Bg6 14. Ne5 Nd7
15. Nxg6 hxg6 16. Bf1 Re8 17. Bg2 Nf8 18. a4 Rc8 19. a5 Bd6 20. Qd2 Bxf4 21.
Qxf4 Qf6 22. Qxf6 gxf6 23. f4 Kg7 24. Ra4 Red8 25. Rc4 Rd6 26. f5 g5 27. fxe6
fxe6 28. d5 exd5 29. Re7+ Kg6 30. Rb4 b5 31. Rxa7 Rd7 32. Rxd7 Nxd7 33. Rd4 Re8
34. Bxd5 cxd5 35. Rxd5 Ne5 36. Rxb5 Rd8 37. b4 Rd2 38. a6 Nf3+ 1/2-1/2

[Event "KS traeningsturnering 1977"]
[Site "Copenhagen"]
[Date "1977.08.24"]
[Round "1"]
[White "Telling, Kim"]
[Black "Kjaerbye, Michael Saager"]
[Result "0-1"]
[WhiteElo "1956"]
[BlackElo "2210"]
[PlyCount "62"]
[EventDate "1977.08.??"]
[EventType "tourn"]
[EventRounds "7"]
[EventCountry "DEN"]
[SourceTitle "KS partibulletin 1977"]

1. c4 g6 2. Nc3 Bg7 3. Nf3 d6 4. d4 f5 5. g3 Nf6 6. Bg2 O-O 7. O-O Nc6 8. d5
Na5 9. Nd2 c5 10. Rb1 e5 11. dxe6 Bxe6 12. b4 cxb4 13. Rxb4 d5 14. cxd5 Nxd5
15. Nxd5 Bxd5 16. Bxd5+ Qxd5 17. Nc4 Qxd1 18. Rxd1 Bc3 19. Ra4 Rfd8 20. Rxd8+
Rxd8 21. Be3 b5 22. Rxa5 Bxa5 23. Nxa5 Rd1+ 24. Kg2 Ra1 25. Bxa7 Rxa2 26. Bb6
b4 27. Nc4 Rxe2 28. Kf3 Rc2 29. Ne3 Ra2 30. Bd4 b3 31. Nd1 Rd2 0-1

[Event "KS traeningsturnering 1977"]
[Site "Copenhagen"]
[Date "1977.08.24"]
[Round "1"]
[White "Sonderstrup, Bjarne"]
[Black "Andersen, Poul"]
[Result "0-1"]
[WhiteElo "2046"]
[BlackElo "2046"]
[PlyCount "108"]
[EventDate "1977.08.??"]
[EventType "tourn"]
[EventRounds "7"]
[EventCountry "DEN"]
[SourceTitle "KS partibulletin 1977"]

1. g3 c5 2. Bg2 Nc6 3. e4 e6 4. Nc3 g6 5. f4 Nge7 6. Nf3 d5 7. d3 Bg7 8. O-O b6
9. Qe2 O-O 10. Bd2 Ba6 11. e5 Nf5 12. Qf2 Rc8 13. Ne2 h5 14. h3 Nb4 15. g4 hxg4
16. hxg4 Nh6 17. g5 Nf5 18. Ne1 Qd7 19. Bh3 Qa4 20. Bxf5 exf5 21. b3 Qb5 22. c4
dxc4 23. dxc4 Qd7 24. Nc3 Rfd8 25. Rd1 Bb7 26. a3 Nd3 27. Nxd3 Qxd3 28. Be1 Qh3
29. Nd5 Qg4+ 30. Qg2 Qxd1 31. Ne7+ Kf8 32. Qxb7 Qg4+ 33. Kh1 Qh3+ 34. Kg1 Rb8
35. Qc7 Qe3+ 36. Kh1 Qd3 37. Kg1 Qd4+ 38. Kh1 Qd7 39. Qxd7 Rxd7 40. Nd5 b5 41.
Bf2 bxc4 42. bxc4 Ke8 43. Rc1 Rdb7 44. Bxc5 Rb1 45. Rxb1 Rxb1+ 46. Kg2 Rc1 47.
Kf3 Rxc4 48. Bd6 Rd4 49. Nc7+ Kd7 50. Nb5 Rd5 51. a4 a6 52. Na3 Rd3+ 53. Ke2
Rd4 54. Ke3 Rxa4 0-1

[Event "KS traeningsturnering 1977"]
[Site "Copenhagen"]
[Date "1977.08.31"]
[Round "2"]
[White "Nielsen, Jorgen"]
[Black "Nilsson, Nils Specht"]
[Result "1/2-1/2"]
[WhiteElo "2139"]
[BlackElo "2220"]
[PlyCount "82"]
[EventDate "1977.08.??"]
[EventType "tourn"]
[EventRounds "7"]
[EventCountry "DEN"]
[SourceTitle "KS partibulletin 1977"]

1. e4 c6 2. d3 d5 3. Nd2 g6 4. f4 Bg7 5. Ngf3 Nf6 6. e5 Ng4 7. Qe2 h5 8. h3 Nh6
9. Qf2 Na6 10. c3 Qb6 11. d4 Bf5 12. Nh4 Rc8 13. b4 Nc7 14. Nb3 Ne6 15. a4 Be4
16. a5 Qd8 17. Nd2 Bf5 18. Nxf5 Nxf5 19. Bd3 Nf8 20. O-O e6 21. b5 Ne7 22. Ba3
Nd7 23. c4 Bf8 24. Rfb1 Nf5 25. a6 b6 26. bxc6 Rxc6 27. cxd5 exd5 28. Bxf8 Kxf8
29. Nf3 Nh6 30. Ng5 Kg7 31. Rc1 Qc7 32. Rxc6 Qxc6 33. f5 gxf5 34. Bxf5 Nxf5 35.
Qxf5 Qg6 36. Qxd7 Qxg5 37. Rf1 Rf8 38. e6 Qe3+ 39. Kh1 Qxe6 40. Qxa7 Rc8 41.
Qb7 Rc3 1/2-1/2

[Event "KS traeningsturnering 1977"]
[Site "Copenhagen"]
[Date "1977.08.31"]
[Round "2"]
[White "Hansen, Jacob Ost"]
[Black "Telling, Kim"]
[Result "1-0"]
[WhiteElo "2374"]
[BlackElo "1956"]
[PlyCount "83"]
[EventDate "1977.08.??"]
[EventType "tourn"]
[EventRounds "7"]
[EventCountry "DEN"]
[SourceTitle "KS partibulletin 1977"]

1. e4 e5 2. Nf3 Nc6 3. Bb5 Nge7 4. O-O g6 5. c3 d6 6. d4 Bd7 7. dxe5 dxe5 8.
Qe2 Bg7 9. Be3 b6 10. Rd1 O-O 11. Na3 Qe8 12. Nc2 a5 13. b3 Nc8 14. Bc1 Nd6 15.
Ba3 Nxb5 16. Qxb5 Nd4 17. Qd3 Nxc2 18. Bxf8 Nxa1 19. Bxg7 Kxg7 20. Qxd7 Qxd7
21. Rxd7 a4 22. b4 c5 23. Ne1 c4 24. Rd1 Nb3 25. Kf1 f5 26. Nc2 a3 27. exf5
gxf5 28. Ke2 Kf6 29. Ne3 b5 30. Nd5+ Kf7 31. g3 e4 32. Nc7 Rb8 33. Rd7+ Kg6 34.
Rd6+ Kh5 35. Kd1 Kg4 36. Rd5 Kf3 37. Rxf5+ Kg2 38. Nxb5 Rd8+ 39. Ke1 Nc1 40.
Nxa3 Nxa2 41. Nxc4 Nxc3 42. Ne3+ 1-0

[Event "KS traeningsturnering 1977"]
[Site "Copenhagen"]
[Date "1977.08.31"]
[Round "2"]
[White "Kjaerbye, Michael Saager"]
[Black "Sonderstrup, Bjarne"]
[Result "1-0"]
[WhiteElo "2210"]
[BlackElo "2046"]
[PlyCount "80"]
[EventDate "1977.08.??"]
[EventType "tourn"]
[EventRounds "7"]
[EventCountry "DEN"]
[SourceTitle "KS partibulletin 1977"]

1. d4 Nf6 2. c4 e6 3. g3 Bb4+ 4. Bd2 Qe7 5. Bg2 O-O 6. e3 Nc6 7. Ne2 Bxd2+ 8.
Qxd2 d6 9. Nbc3 e5 10. O-O a5 11. a3 Bg4 12. h3 Bxe2 13. Nxe2 Nd8 14. b4 c6 15.
Nc3 Nd7 16. b5 f5 17. Rfd1 e4 18. Rab1 Nf6 19. Na4 Qc7 20. Rdc1 Nf7 21. c5 d5
22. Nb6 Rae8 23. Qxa5 g5 24. Nc4 Qd7 25. bxc6 bxc6 26. Nd6 Nxd6 27. cxd6 Qxd6
28. Rb6 Rc8 29. Qa6 f4 30. Rcxc6 Rxc6 31. Rxc6 Qe7 32. Re6 Qf7 33. Qd6 fxe3 34.
fxe3 Nh5 35. Kh2 Qf2 36. Qe5 Qxe3 37. Re8 Qxa3 38. Qxg5+ Ng7 39. Qxd5+ Kh8 40.
Rxf8+ Qxf8 1-0

[Event "KS traeningsturnering 1977"]
[Site "Copenhagen"]
[Date "1977.08.31"]
[Round "2"]
[White "Moe, Mogens"]
[Black "Andersen, Poul"]
[Result "1-0"]
[WhiteElo "2248"]
[BlackElo "2046"]
[PlyCount "39"]
[EventDate "1977.08.??"]
[EventType "tourn"]
[EventRounds "7"]
[EventCountry "DEN"]
[SourceTitle "Mogens Moe"]

1. e4 c5 2. Nf3 d6 3. d4 cxd4 4. Nxd4 Nf6 5. Nc3 a6 6. f4 e5 7. Nf3 Nbd7 8. Bc4
Be7 9. O-O O-O 10. a4 Qc7 11. Qe2 exf4 12. Bxf4 Ne5 13. Bb3 Bg4 14. Kh1 Rac8
15. Bg5 Qc5 16. Be3 Qc6 17. Nxe5 dxe5 18. Rxf6 Qxc3 19. Qxg4 Qxe3 20. Rxf7 1-0

[Event "KS traeningsturnering 1977"]
[Site "Copenhagen"]
[Date "1977.09.07"]
[Round "3"]
[White "Telling, Kim"]
[Black "Nielsen, Jorgen"]
[Result "1/2-1/2"]
[WhiteElo "1956"]
[BlackElo "2139"]
[PlyCount "81"]
[EventDate "1977.08.??"]
[EventType "tourn"]
[EventRounds "7"]
[EventCountry "DEN"]
[SourceTitle "KS partibulletin 1977"]

1. c4 e5 2. Nc3 Nf6 3. Nf3 Nc6 4. e3 d6 5. d4 Bg4 6. Be2 g6 7. h3 Bd7 8. a3 a5
9. Bd2 Bg7 10. d5 Ne7 11. e4 O-O 12. Qc1 Ne8 13. g4 f5 14. gxf5 gxf5 15. Bh6 f4
16. Bg5 Nf6 17. Qd2 Be8 18. Nh2 Bg6 19. Bf3 c6 20. Ng4 cxd5 21. cxd5 Nd7 22. b3
Nc5 23. Rb1 h5 24. Nh6+ Kh7 25. Nf5 Bf6 26. Bxf6 Rxf6 27. Nh4 Bf7 28. Qe2 Rh6
29. b4 axb4 30. axb4 Nd7 31. Nf5 Nxf5 32. exf5 Nf6 33. Rg1 Qb6 34. Ne4 Nxe4 35.
Bxe4 Rg8 36. Rxg8 Kxg8 37. Qc4 Rf6 38. Ra1 Qd4 39. Qxd4 exd4 40. Rd1 Be8 41.
Rxd4 1/2-1/2

[Event "KS traeningsturnering 1977"]
[Site "Copenhagen"]
[Date "1977.09.07"]
[Round "3"]
[White "Nilsson, Nils Specht"]
[Black "Moe, Mogens"]
[Result "1/2-1/2"]
[WhiteElo "2220"]
[BlackElo "2248"]
[PlyCount "72"]
[EventDate "1977.08.??"]
[EventType "tourn"]
[EventRounds "7"]
[EventCountry "DEN"]
[SourceTitle "Mogens Moe"]

1. e4 c5 2. Nf3 Nc6 3. c4 g6 4. d4 Bg7 5. dxc5 Qa5+ 6. Bd2 Qxc5 7. Bc3 Nf6 8.
Bd3 d6 9. Nbd2 O-O 10. O-O e5 11. a3 a5 12. Re1 Ng4 13. Qe2 a4 14. h3 Nf6 15.
Qe3 Nh5 16. b4 axb3 17. Nxb3 Qxe3 18. Rxe3 Bh6 19. Ree1 Be6 20. Reb1 Nf4 21.
Bf1 f5 22. Nbd2 Ra7 23. Bb4 Rd8 24. Rd1 Bf7 25. g3 Ne6 26. Rab1 Nxb4 27. axb4
Bxd2 28. Nxd2 Nd4 29. Ra1 Rda8 30. Rxa7 Rxa7 31. c5 dxc5 32. bxc5 Ra5 33. exf5
gxf5 34. Bg2 Rxc5 35. Bxb7 Bh5 36. g4 Bg6 1/2-1/2

[Event "KS traeningsturnering 1977"]
[Site "Copenhagen"]
[Date "1977.09.07"]
[Round "3"]
[White "Sonderstrup, Bjarne"]
[Black "Hansen, Jacob Ost"]
[Result "0-1"]
[WhiteElo "2046"]
[BlackElo "2374"]
[PlyCount "110"]
[EventDate "1977.08.??"]
[EventType "tourn"]
[EventRounds "7"]
[EventCountry "DEN"]
[SourceTitle "KS partibulletin 1977"]

1. e4 c5 2. Nc3 e6 3. f4 a6 4. Nf3 b5 5. Qe2 Bb7 6. g3 d6 7. Bg2 Ne7 8. O-O Nd7
9. d3 Nc6 10. a4 b4 11. Nd1 Be7 12. Ne3 O-O 13. Bd2 Rb8 14. Bh3 Re8 15. Qf2 Bf6
16. Nc4 Qc7 17. Rae1 Nd4 18. Nxd4 Bxd4 19. Be3 Bxe3 20. Rxe3 Re7 21. e5 dxe5
22. Nxe5 Nb6 23. b3 Nd5 24. Ree1 Nc3 25. Bg2 Bd5 26. Bxd5 exd5 27. Nf3 Rbe8 28.
Rxe7 Rxe7 29. Re1 f6 30. Kf1 Kf7 31. Rxe7+ Qxe7 32. Qe1 Qd7 33. Kg2 Qg4 34. Qe3
d4 35. Qe1 Nd5 36. Qe4 Ne3+ 37. Kg1 Qh3 38. Qb7+ Kg6 39. Nd2 Qg4 40. Qe4+ Kh6
41. Nf3 Nxc2 42. Qd5 Ne3 43. Qe4 Qh5 44. Qc6 Qf5 45. Ne1 Qh3 46. Qf3 Qe6 47.
Ng2 Nxg2 48. Kxg2 Qxb3 49. f5 Qc2+ 50. Kh3 Qc1 51. Qe4 Qf1+ 52. Kh4 b3 53. Qg4
g5+ 54. fxg6 hxg6 55. Qe6 Qf5 0-1

[Event "KS traeningsturnering 1977"]
[Site "Copenhagen"]
[Date "1977.09.07"]
[Round "3"]
[White "Andersen, Poul"]
[Black "Kjaerbye, Michael Saager"]
[Result "0-1"]
[WhiteElo "2046"]
[BlackElo "2210"]
[PlyCount "114"]
[EventDate "1977.08.??"]
[EventType "tourn"]
[EventRounds "7"]
[EventCountry "DEN"]
[SourceTitle "KS partibulletin 1977"]

1. e4 g6 2. d4 Bg7 3. Nf3 d6 4. Bc4 Nf6 5. Qe2 O-O 6. O-O c6 7. Bb3 Bg4 8. Nbd2
e5 9. dxe5 dxe5 10. h3 Bxf3 11. Nxf3 Nbd7 12. Rd1 Qc7 13. Bg5 Nc5 14. Bxf6 Bxf6
15. Rd2 a5 16. a4 Rad8 17. Rad1 Rxd2 18. Rxd2 Qb6 19. Qc4 Qb4 20. Qxb4 axb4 21.
Re2 Ra8 22. Ne1 Nxa4 23. Nd3 Ra5 24. Nxb4 Nxb2 25. c3 Ra1+ 26. Kh2 Na4 27. Nc2
Nxc3 28. Re3 Rf1 29. Rxc3 Rxf2 30. Rd3 Bg5 31. Kg1 Rd2 32. Rf3 Rd7 33. Nb4 Bd8
34. Nd3 Bb6+ 35. Kf1 Bd4 36. Ke2 Kg7 37. g4 f6 38. Nb4 Bc5 39. Nd3 Bb6 40. Nb2
Rd4 41. Bc2 Ba5 42. Bd3 b5 43. Ke3 c5 44. Rf1 c4 45. Be2 Bd2+ 46. Kf3 c3 47.
Nd3 c2 48. Nc1 Rb4 49. Bd3 Rb2 50. Ke2 Bf4 51. Kf3 b4 52. Bc4 Bxc1 53. Rxc1 b3
54. Bd3 Ra2 55. Ke3 Ra3 56. Ke2 b2 57. Rxc2 Rxd3 0-1

[Event "KS traeningsturnering 1977"]
[Site "Copenhagen"]
[Date "1977.09.14"]
[Round "4"]
[White "Nielsen, Jorgen"]
[Black "Sonderstrup, Bjarne"]
[Result "1-0"]
[WhiteElo "2139"]
[BlackElo "2046"]
[PlyCount "97"]
[EventDate "1977.08.??"]
[EventType "tourn"]
[EventRounds "7"]
[EventCountry "DEN"]
[SourceTitle "KS partibulletin 1977"]

1. e4 c6 2. f4 d5 3. e5 Bf5 4. Nf3 e6 5. d4 c5 6. c3 Nc6 7. Bd3 Nh6 8. O-O Qb6
9. Kh1 cxd4 10. Nxd4 Nxd4 11. cxd4 Bxd3 12. Qxd3 Be7 13. a4 a6 14. Nc3 Nf5 15.
Nxd5 exd5 16. Qxf5 Qxd4 17. Qg4 O-O 18. Rd1 Qe4 19. Bd2 Rfd8 20. Ba5 Rdc8 21.
Bc3 Rc4 22. Qd7 Bb4 23. Rxd5 Rf8 24. Rd4 Rxd4 25. Qxd4 Qxd4 26. Bxd4 Rd8 27.
Bb6 Rd2 28. Rb1 Kf8 29. h3 Ke7 30. Kh2 Ke6 31. Kg3 Kf5 32. Be3 Rd3 33. Kf2 Ke4
34. Rc1 b5 35. axb5 axb5 36. Bc5 Rd2+ 37. Kg3 Rxb2 38. Bxb4 Rxb4 39. Rc7 Rb3+
40. Kg4 f5+ 41. exf6 h5+ 42. Kxh5 gxf6 43. Kg6 f5 44. g4 Rxh3 45. gxf5 Rg3+ 46.
Kf6 Kxf4 47. Rc5 Ra3 48. Rxb5 Ra6+ 49. Kg7 1-0

[Event "KS traeningsturnering 1977"]
[Site "Copenhagen"]
[Date "1977.09.14"]
[Round "4"]
[White "Nilsson, Nils Specht"]
[Black "Telling, Kim"]
[Result "1-0"]
[WhiteElo "2220"]
[BlackElo "1956"]
[PlyCount "55"]
[EventDate "1977.08.??"]
[EventType "tourn"]
[EventRounds "7"]
[EventCountry "DEN"]
[SourceTitle "KS partibulletin 1977"]

1. f4 g6 2. Nf3 Bg7 3. d4 d6 4. e4 Nf6 5. Nc3 O-O 6. Bd3 Nc6 7. e5 dxe5 8. dxe5
Nd5 9. Nxd5 Qxd5 10. Qe2 Bf5 11. Bxf5 gxf5 12. Be3 f6 13. exf6 Bxf6 14. O-O
Rad8 15. c3 e5 16. fxe5 Nxe5 17. Nd4 Ng4 18. Nxf5 Nxe3 19. Qxe3 Kh8 20. Rf3 Qb5
21. b3 Rde8 22. Qxa7 Qd5 23. Raf1 c5 24. Ne3 Qc6 25. Ng4 Bg7 26. Rxf8+ Bxf8 27.
Ne5 Rxe5 28. Qb8 1-0

[Event "KS traeningsturnering 1977"]
[Site "Copenhagen"]
[Date "1977.09.14"]
[Round "4"]
[White "Hansen, Jacob Ost"]
[Black "Andersen, Poul"]
[Result "1-0"]
[WhiteElo "2374"]
[BlackElo "2046"]
[PlyCount "91"]
[EventDate "1977.08.??"]
[EventType "tourn"]
[EventRounds "7"]
[EventCountry "DEN"]
[SourceTitle "KS partibulletin 1977"]

1. e4 c5 2. Nf3 d6 3. Bb5+ Nd7 4. d4 cxd4 5. Qxd4 e5 6. Qd3 a6 7. Bxd7+ Bxd7 8.
c4 Nf6 9. Nc3 Be7 10. O-O O-O 11. Bg5 Be6 12. Rfd1 Qc7 13. b3 Rfd8 14. Nd2 Rac8
15. a4 Ng4 16. Be3 g6 17. Nf1 f5 18. a5 Qc6 19. Bb6 Rf8 20. f3 Nf6 21. Ne3 f4
22. Ned5 Bxd5 23. Nxd5 Nxd5 24. exd5 Qd7 25. Qe4 Qf5 26. Rac1 h5 27. b4 Qxe4
28. fxe4 g5 29. c5 dxc5 30. bxc5 Kf7 31. c6 bxc6 32. dxc6 Ke6 33. c7 g4 34.
Rc6+ Kf7 35. Rd7 Ke8 36. Rd5 Rf6 37. Rc1 Bd6 38. Rcd1 Bxc7 39. Bxc7 Rxc7 40.
Rxe5+ Kf7 41. Rxh5 Re7 42. e5 Rg6 43. Rd4 Ke6 44. Rd6+ Kf7 45. Rh7+ Rg7 46.
Rf6+ 1-0

[Event "KS traeningsturnering 1977"]
[Site "Copenhagen"]
[Date "1977.09.14"]
[Round "4"]
[White "Moe, Mogens"]
[Black "Kjaerbye, Michael Saager"]
[Result "0-1"]
[WhiteElo "2248"]
[BlackElo "2210"]
[PlyCount "42"]
[EventDate "1977.08.??"]
[EventType "tourn"]
[EventRounds "7"]
[EventCountry "DEN"]
[SourceTitle "Mogens Moe"]

1. e4 e6 2. d4 d5 3. Nc3 Bb4 4. Bd2 dxe4 5. Qg4 Nf6 6. Qxg7 Rg8 7. Qh6 Qxd4 8.
O-O-O Bf8 9. Qh4 Rg4 10. Qh3 Qxf2 11. Nb5 Na6 12. Be2 Qxg2 13. Bxg4 Qxg4 14.
Qf1 Nd5 15. c4 e3 16. Ba5 Bh6 17. Qe2 Qxc4+ 18. Qxc4 e2+ 19. Bd2 Bxd2+ 20. Rxd2
e1=Q+ 21. Rd1 Qxd1+ 0-1

[Event "KS traeningsturnering 1977"]
[Site "Copenhagen"]
[Date "1977.09.21"]
[Round "5"]
[White "Andersen, Poul"]
[Black "Nielsen, Jorgen"]
[Result "0-1"]
[WhiteElo "2046"]
[BlackElo "2139"]
[PlyCount "28"]
[EventDate "1977.08.??"]
[EventType "tourn"]
[EventRounds "7"]
[EventCountry "DEN"]
[SourceTitle "KS partibulletin 1977"]

1. e4 e5 2. Nf3 d6 3. d4 exd4 4. Qxd4 Nf6 5. Nc3 Be7 6. Bg5 O-O 7. O-O-O Nc6 8.
Qd2 Be6 9. h4 a6 10. Nd4 Nxd4 11. Qxd4 c5 12. Qd2 b5 13. f4 Qa5 14. Kb1 Nxe4
0-1

[Event "KS traeningsturnering 1977"]
[Site "Copenhagen"]
[Date "1977.09.21"]
[Round "5"]
[White "Sonderstrup, Bjarne"]
[Black "Nilsson, Nils Specht"]
[Result "0-1"]
[WhiteElo "2046"]
[BlackElo "2220"]
[PlyCount "68"]
[EventDate "1977.08.??"]
[EventType "tourn"]
[EventRounds "7"]
[EventCountry "DEN"]
[SourceTitle "KS partibulletin 1977"]

1. e4 c6 2. d4 d5 3. e5 Bf5 4. h4 h5 5. Ne2 g6 6. Ng3 Nh6 7. Nd2 e6 8. Nf3 Bg4
9. Bg5 Qb6 10. Be2 c5 11. O-O Bxf3 12. Bxf3 cxd4 13. c3 Nc6 14. Qa4 Bg7 15.
Rfe1 Ng4 16. Bxg4 hxg4 17. Rad1 Qxb2 18. cxd4 Qb4 19. Qxb4 Nxb4 20. Re2 Nc6 21.
Rb2 b6 22. Rc2 Kd7 23. Ne2 Rac8 24. Kh2 Ne7 25. Rxc8 Rxc8 26. Kg3 Rc4 27. Bf4
f5 28. exf6 Bxf6 29. Kxg4 Nf5 30. g3 Nxd4 31. Nxd4 Bxd4 32. Kg5 Bxf2 33. Kxg6
Bxg3 34. Bg5 Bxh4 0-1

[Event "KS traeningsturnering 1977"]
[Site "Copenhagen"]
[Date "1977.09.21"]
[Round "5"]
[White "Telling, Kim"]
[Black "Moe, Mogens"]
[Result "0-1"]
[WhiteElo "1956"]
[BlackElo "2248"]
[PlyCount "74"]
[EventDate "1977.08.??"]
[EventType "tourn"]
[EventRounds "7"]
[EventCountry "DEN"]
[SourceTitle "Mogens Moe"]

1. d4 Nf6 2. Nf3 g6 3. c4 Bg7 4. Nc3 d5 5. Bg5 Ne4 6. Bh4 Nxc3 7. bxc3 dxc4 8.
Qa4+ Nd7 9. Qxc4 Nb6 10. Qc5 Qd6 11. Qa5 Bd7 12. e3 O-O 13. a4 Rfc8 14. Bg3 Qe6
15. Be2 c5 16. O-O Nc4 17. Bxc4 Qxc4 18. dxc5 Bxc3 19. Ne5 Qxf1+ 20. Kxf1 Bxa5
21. Nxd7 Bc7 22. Ne5 Bxe5 23. Bxe5 Rxc5 24. Bd4 Rd5 25. f4 a6 26. Rc1 b5 27.
axb5 Rxb5 28. Rc7 e6 29. Ke2 a5 30. Rc2 a4 31. Kd3 Rb3+ 32. Ke4 a3 33. Ra2 Ra5
34. g4 f5+ 35. gxf5 exf5+ 36. Kf3 Kf7 37. Ke2 Ke6 0-1

[Event "KS traeningsturnering 1977"]
[Site "Copenhagen"]
[Date "1977.09.21"]
[Round "5"]
[White "Kjaerbye, Michael Saager"]
[Black "Hansen, Jacob Ost"]
[Result "0-1"]
[WhiteElo "2210"]
[BlackElo "2374"]
[PlyCount "82"]
[EventDate "1977.08.??"]
[EventType "tourn"]
[EventRounds "7"]
[EventCountry "DEN"]
[SourceTitle "KS partibulletin 1977"]

1. d4 Nf6 2. c4 g6 3. Nc3 Bg7 4. e4 d6 5. Nf3 O-O 6. Be2 e5 7. dxe5 dxe5 8.
Qxd8 Rxd8 9. Bg5 Re8 10. O-O-O h6 11. Be3 c6 12. Ne1 Na6 13. Nc2 Bf8 14. f3 Kg7
15. Rd2 Be6 16. Rhd1 Rec8 17. g3 Bc5 18. Bxc5 Nxc5 19. b4 Ncd7 20. Kb2 a5 21.
a3 axb4 22. axb4 c5 23. b5 Nb6 24. Kb3 Ne8 25. Ne3 Ra5 26. Rd8 Nc7 27. R8d6
Nba8 28. Kb2 Ne8 29. Rd8 Nb6 30. f4 Nf6 31. Rxc8 Bxc8 32. fxe5 Nfd7 33. Ned5
Ra8 34. Nc7 Rb8 35. N3d5 Nxd5 36. Rxd5 Nb6 37. Rd6 Nd7 38. Bg4 Nxe5 39. Bxc8
Nxc4+ 40. Kc3 Nxd6 41. Bd7 Nxe4+ 0-1

[Event "KS traeningsturnering 1977"]
[Site "Copenhagen"]
[Date "1977.09.28"]
[Round "6"]
[White "Nielsen, Jorgen"]
[Black "Kjaerbye, Michael Saager"]
[Result "1/2-1/2"]
[WhiteElo "2139"]
[BlackElo "2210"]
[PlyCount "52"]
[EventDate "1977.08.??"]
[EventType "tourn"]
[EventRounds "7"]
[EventCountry "DEN"]
[SourceTitle "KS partibulletin 1977"]

1. e4 e6 2. d3 d5 3. Nd2 Nc6 4. Ngf3 Nf6 5. Be2 Be7 6. O-O O-O 7. Re1 e5 8.
exd5 Qxd5 9. Nc4 Bc5 10. Ne3 Qd8 11. c3 Re8 12. b4 Bxe3 13. Bxe3 Nd5 14. Bd2 a6
15. a4 Nf4 16. Bxf4 exf4 17. d4 g5 18. b5 axb5 19. axb5 Rxa1 20. Qxa1 Nb8 21.
Bc4 h6 22. Ne5 Be6 23. Qa2 Nd7 24. Bxe6 Rxe6 25. Nd3 Rxe1+ 26. Nxe1 Qe7 1/2-1/2

[Event "KS traeningsturnering 1977"]
[Site "Copenhagen"]
[Date "1977.09.28"]
[Round "6"]
[White "Nilsson, Nils Specht"]
[Black "Andersen, Poul"]
[Result "1-0"]
[WhiteElo "2220"]
[BlackElo "2046"]
[PlyCount "81"]
[EventDate "1977.08.??"]
[EventType "tourn"]
[EventRounds "7"]
[EventCountry "DEN"]
[SourceTitle "KS partibulletin 1977"]

1. e4 c5 2. Nf3 d6 3. d4 cxd4 4. Nxd4 Nf6 5. Nc3 a6 6. g3 b5 7. Bg2 Bb7 8. O-O
g6 9. a3 Qc7 10. Be3 Bg7 11. h3 Nbd7 12. Qe2 O-O 13. Rad1 Nc5 14. Nd5 Nxd5 15.
exd5 Na4 16. Bc1 Rac8 17. c3 Nb6 18. Nc2 Rfe8 19. Rfe1 Nc4 20. h4 h5 21. Kh2
Qc5 22. Nb4 Ne5 23. Nd3 Nxd3 24. Rxd3 a5 25. Bh3 Ra8 26. Be3 Qc4 27. Qd1 b4 28.
b3 Qc7 29. cxb4 axb4 30. axb4 Ra3 31. b5 Rea8 32. b6 Qd8 33. Qc2 Ba6 34. Rdd1
Be5 35. Rc1 Bb7 36. Red1 e6 37. dxe6 Qxh4 38. exf7+ Kg7 39. Qc7 Bxg3+ 40. fxg3
Ra2+ 41. Rd2 1-0

[Event "KS traeningsturnering 1977"]
[Site "Copenhagen"]
[Date "1977.09.28"]
[Round "6"]
[White "Telling, Kim"]
[Black "Sonderstrup, Bjarne"]
[Result "1-0"]
[WhiteElo "1956"]
[BlackElo "2046"]
[PlyCount "67"]
[EventDate "1977.08.??"]
[EventType "tourn"]
[EventRounds "7"]
[EventCountry "DEN"]
[SourceTitle "KS partibulletin 1977"]

1. d4 Nf6 2. c4 e6 3. Nf3 Bb4+ 4. Nbd2 Nc6 5. e3 d6 6. Be2 O-O 7. O-O Bxd2 8.
Bxd2 Ne4 9. Be1 f5 10. d5 Ne5 11. Nd4 Qe7 12. f3 Nf6 13. dxe6 Bxe6 14. Qc2 g6
15. Rd1 Bf7 16. Bh4 Ned7 17. e4 fxe4 18. fxe4 Qe5 19. Bf3 Rae8 20. Rfe1 g5 21.
Bg3 Qc5 22. h3 Ne5 23. Kh1 Bxc4 24. Qd2 Nxf3 25. gxf3 Nh5 26. Rg1 Bf7 27. b4
Qc4 28. Qxg5+ Kh8 29. Bh4 Bg6 30. Nf5 Rxe4 31. Ne7 Rxh4 32. Nxg6+ hxg6 33. Qh6+
Kg8 34. Qxg6+ 1-0

[Event "KS traeningsturnering 1977"]
[Site "Copenhagen"]
[Date "1977.09.28"]
[Round "6"]
[White "Moe, Mogens"]
[Black "Hansen, Jacob Ost"]
[Result "0-1"]
[WhiteElo "2248"]
[BlackElo "2374"]
[PlyCount "118"]
[EventDate "1977.08.??"]
[EventType "tourn"]
[EventRounds "7"]
[EventCountry "DEN"]
[SourceTitle "Mogens Moe"]

1. e4 c6 2. Nf3 d5 3. Nc3 Bg4 4. h3 Bxf3 5. Qxf3 e6 6. Qg3 Nf6 7. d3 Nbd7 8.
Be2 a5 9. O-O a4 10. exd5 Nxd5 11. Nxd5 cxd5 12. Bf3 g6 13. c4 Bg7 14. cxd5 e5
15. Bg5 Qb6 16. Rac1 O-O 17. Be7 Rfe8 18. d6 Bf8 19. Bxf8 Nxf8 20. Rc7 Qxd6 21.
Rxb7 Ne6 22. Rb5 Nd4 23. Rd5 Qxd5 24. Bxd5 Ne2+ 25. Kh2 Nxg3 26. fxg3 Ra7 27.
b3 axb3 28. axb3 Kg7 29. g4 h6 30. Rf2 Rd8 31. Bc4 Rd4 32. Kg3 f6 33. Kh2 h5
34. gxh5 gxh5 35. Rf3 h4 36. Rf2 Ra1 37. g3 hxg3+ 38. Kxg3 Kg6 39. Rf3 Ra3 40.
Kf2 f5 41. Rg3+ Kf6 42. Rg8 Rf4+ 43. Ke3 Rh4 44. Rf8+ Kg6 45. Rg8+ Kf6 46. Rf8+
Kg6 47. Rg8+ Kh7 48. Rg5 Rxh3+ 49. Kd2 Ra2+ 50. Kc3 Rf2 51. Kb4 Re3 52. Kc5 f4
53. b4 Rc2 54. Kd5 f3 55. b5 f2 56. Rf5 Re1 57. d4 e4 58. b6 Rxc4 59. Rxf2 Rb4
0-1

[Event "KS traeningsturnering 1977"]
[Site "Copenhagen"]
[Date "1977.10.05"]
[Round "7"]
[White "Hansen, Jacob Ost"]
[Black "Nielsen, Jorgen"]
[Result "1/2-1/2"]
[WhiteElo "2374"]
[BlackElo "2139"]
[PlyCount "35"]
[EventDate "1977.08.??"]
[EventType "tourn"]
[EventRounds "7"]
[EventCountry "DEN"]
[SourceTitle "KS partibulletin 1977"]

1. e4 e5 2. Nf3 d6 3. d4 exd4 4. Nxd4 g6 5. Bc4 Bg7 6. O-O Nf6 7. Nc3 O-O 8.
Bg5 h6 9. Bh4 Nc6 10. Nxc6 bxc6 11. f4 Qd7 12. Qd3 Qg4 13. Be1 Qh5 14. h3 Re8
15. Bf2 Nxe4 16. Nxe4 d5 17. g4 dxc4 18. Qe3 1/2-1/2